[Event "SA Championship"]
[Site "Adelaide"]
[Date "2006.03.14"]
[Round "5.4"]
[White "Zaric, Srboljub"]
[Black "Obst, James"]
[Result "1-0"]
[Annotator "Fritz 9"]
[BlackElo "2129"]
[EventCountry "AUS"]
[EventDate "2006.02.14"]
[EventRounds "9"]
[EventType "tourn"]
[PlyCount "153"]
[WhiteElo "2054"]

{ B60: Sicilian: Richter-Rauzer: Unusual Black 6th moves and 6...Bd7 without 7
Qd2 } 1. e4 c5 2. Nf3 d6 3. d4 cxd4 4. Nxd4 Nf6 5. Nc3 Nc6 6. Bg5 Bd7 7. Bxf6
gxf6 8. Qd2 Rc8 9. O-O-O Nxd4 10. Qxd4 Qa5 11. Kb1 Qc5 12. Qd2 Bg7 13. f4 Bc6
$146 ( 13... f5 14. e5 Bc6 ( 14... O-O 15. exd6 e6 16. h4 Qb6 17. Rh3 Kh8 18.
Rc1 Rfd8 19. Rd3 Bc6 20. Qe3 Qxe3 21. Rxe3 Rxd6 22. Nb5 Bxb5 23. Bxb5 Rd2 24.
g3 Bd4 25. Rf3 Bf2 26. c4 Bd4 27. Rb3 Kg7 28. Ba4 b6 29. Bb5 { Sprenger,J  (
2508 ) -Dreev,A  ( 2698 ) /Mainz 2005/CBM 107 ext/0-1  ( 45 )}  )15. exd6 Rd8
16. Nd5 Rxd6 17. c4 Bxd5 18. cxd5 O-O 19. Be2 Rb6 20. b3 Rb4 21. d6 Rd4 22. Qc2
Qxd6 { 0-1 Coelho,L  ( 2164 ) -Tsuboi,E  ( 2307 ) /Brasilia 2000/CBM 077 ext} 
)( 13... f5 14. e5 $15 )14. Bd3 b5 ( 14... f5 15. exf5 Bxc3 16. bxc3 $11 )15.
Rhe1 e6 { Covers d5}  16. f5 { This push gains space}  16... b4 ( 16... O-O $5
$14 { is an interesting idea} )17. Nd5 $16 Bxd5 ( 17... a5 18. Ba6 Rd8 19. Qd3
$16 )18. exd5 $18 e5 19. Re4 Rb8 ( 19... O-O 20. Rxb4 Qxd5 21. Be4 $18 )20. Rg4
Bf8 21. Bc4 ( 21. Rc4 Qa5 $18 )21... h5 22. Re4 Bh6 23. Qe2 Ke7 24. Bb3 ( {
Weaker is } 24. Qxh5 Bg5 25. Qe2 Rxh2 $16 )24... a5 25. Rc4 Qa7 26. Ba4 ( 26.
Qxh5 { is clearly weaker}  26... a4 27. Qf3 Rhc8 $17 )26... Be3 27. Rc6 Bc5 28.
Rd3 ( 28. Ra6 $5 Qc7 $18 )28... Bg1 $16 29. Rh3 ( 29. Rf3 Bxh2 30. Rf1 Bg1 $16
)29... Qf2 { Black intends h4}  ( 29... Bxh2 30. Rd3 $16 )30. Qxf2 ( 30. Qd1 $5
$16)30... Bxf2 $14 31. Rc7+ Kf8 32. c4 h4 ( 32... bxc3 33. Rhxc3 h4 34. Bd1 $14
)33. Rd7 { White threatens to win material: Rd7xd6}  33... Rg8 34. g3 hxg3 35.
hxg3 { White has a new backward pawn: g3.}  35... Bc5 { A valuable piece}  36.
Kc2 Kg7 37. Rh4 Rh8 38. Rg4+ Kf8 39. Kd3 Rg8 40. Rxg8+ Kxg8 41. Bd1 ( 41. Ke2
Kg7 42. Kf3 Rh8 $14 )41... Kg7 $11 42. Bh5 { White threatens to win material:
Bh5xf7}  42... Rf8 ( 42... Kh6 43. Bf3 Kg7 44. Bh5 $11 )43. b3 ( 43. Ke4 $5
$16)43... Kh6 $11 44. Bxf7 Kg5 45. Be6 { Here comes the goal-getter}  45... Kg4
46. Ke4 Kxg3 47. Rh7 { Begins the manoeuvre Rd7-h7-g7-g6}  47... Kg4 48. Rg7+
Kh5 ( 48... Kh3 49. Bg8 $14 )49. Rg6 { Praise the rook!}  49... Bf2 50. Kf3 Bd4
51. Kg3 e4 52. Kf4 e3 { Pushes the passed pawn}  53. Kf3 Ra8 54. Bd7 ( 54. Rg4
$5 Bc5 55. Rg1 $14 )54... Ra7 $14 { Black threatens to win material: Ra7xd7} 
55. Rg4 { White threatens to win material: Rg4xd4}  55... Rxd7 56. Rxd4 { A
rook endgame occured}  56... Re7 57. Ke2 Kg5 { Black threatens to win material:
Kg5xf5}  58. Rd1 Kxf5 59. Rf1+ Ke5 60. Rf3 { White threatens to win material:
Rf3xe3}  ( 60. Kxe3 Rh7 $15 )60... Rh7 ( 60... Kd4 $5 $17 $142)61. Kd3 $11 ( {
Worse is } 61. Kxe3 f5 $17 )61... Rd7 ( 61... e2 62. Re3+ Kf5 63. Rxe2 $11 )62.
Rxe3+ $14 Kf4 63. Re6 f5 64. Kd4 Kg3 $2 ( 64... Kg5 $5 $14 $142 { and Black is
still in the game} )65. Rg6+ $18 Kf3 $2 ( 65... Kh4 $142 66. Ke3 Kh5 $18 )66.
Rxd6 $1 { decapitation}  66... Rxd6 { Decoy to d6}  67. c5 Rh6 ( 67... Rd8 68.
c6 Rc8 69. Kc5 $18 )68. c6 Rh2 69. c7 Rc2 ( 69... Rd2+ { doesn't get the cat
off the tree}  70. Kc5 $18 )70. d6 f4 ( 70... Kg4 { does not improve anything} 
71. Kd5 $18 )71. d7 Rxc7 72. d8=Q Ra7 ( 72... Rc2 { doesn't get the bull off
the ice}  73. Qd5+ Kg4 74. Qe6+ Kg5 75. Qg8+ Kf6 76. Qf8+ Kg6 77. Qxf4 Rxa2 78.
Ke5 $18 )73. Kc5 ( 73. Ke5 $142 { seems even better}  73... Rg7 $18 )73... Kf2
( 73... Rg7 { does not win a prize}  74. Qd5+ Kg3 75. Kd4 $18 )74. Qh4+ ( 74.
Qd4+ { makes it even easier for White}  74... Kg3 75. Kd6 Rf7 76. Qd3+ Kf2 $18
)74... Ke3 ( 74... Kf3 { doesn't change the outcome of the game}  75. Qh1+ Kg4
76. Qg2+ Kh5 77. Kd6 Ra6+ 78. Ke5 $18 )75. Qe1+ Kd3 ( 75... Kf3 { cannot change
destiny}  76. Qd1+ Kg3 77. Kd6 $18 )76. Kb6 Ra8 ( 76... Rg7 77. Qe5 a4 78. Qxg7
axb3 79. axb3 Ke3 80. Qe5+ Kd3 81. Qxf4 Kc3 82. Qe3+ Kb2 83. Kc5 Kc2 84. Kxb4
Kb1 85. Qd2 Ka1 86. Ka3 Kb1 87. Qb2# )77. Qh1 ( 77. Qh1 Rb8+ 78. Kxa5 $18 )(
77. Qd1+ Ke3 78. Qc1+ Ke2 79. Qc4+ Ke3 80. Qc5+ Ke2 81. Qe5+ Kf3 82. Qd5+ Kg3
83. Qxa8 a4 84. bxa4 f3 85. Qg8+ Kf2 86. a5 Ke3 87. a6 f2 88. Qg3+ Ke2 89. Qe5+
Kd3 90. a7 f1=Q 91. Qb5+ Kc3 92. Qxf1 b3 93. Qf3+ Kb2 94. Qf2+ Kc3 95. a8=Q
bxa2 96. Qaf3+ Kb4 97. Qd4# ) 1-0

[Event "SA Championship"]
[Site "Adelaide"]
[Date "2006.03.14"]
[Round "5.5"]
[White "Tao, Trevor"]
[Black "Guthrie, Aaron"]
[Result "1-0"]
[Annotator "Fritz 9"]
[BlackElo "2120"]
[EventCountry "AUS"]
[EventDate "2006.02.14"]
[EventRounds "9"]
[EventType "tourn"]
[PlyCount "139"]
[WhiteElo "2418"]

{ A36: Symmetrical English vs ...g6: 4 Bg2 Bg7 } 1. c4 c5 2. Nc3 Nf6 3. g3 g6 4.
Bg2 Bg7 5. d3 Nc6 6. Rb1 ( 6. Be3 d6 7. Qc1 Nd4 8. Nf3 Ng4 9. Bd2 h5 10. h3 Ne5
11. Nxe5 Bxe5 12. Rb1 a5 13. e3 Nc6 14. a3 Bd7 15. Qc2 f5 16. h4 O-O 17. Nd5
Rb8 18. Bc3 b5 19. cxb5 Rxb5 20. O-O e6 { Spraggett,K  ( 2585 ) -Gulko,B  (
2610 ) /Hastings 1989/TD/1/2-1/2  ( 44 )}  )6... O-O $146 ( 6... e6 7. e4 O-O
8. Nge2 d5 9. exd5 exd5 10. cxd5 Nd4 11. h3 Re8 12. Be3 b6 13. O-O Nxe2+ 14.
Qxe2 Bb7 15. Qf3 Nd7 16. Rbd1 Ne5 17. Qe2 Ba6 18. Qc2 Qd7 19. Bf4 Rad8 20. Rfe1
f5 21. Re3 { Gurevich,M  ( 2605 ) -Ftacnik,L  ( 2535 ) /Biel 1993/CBM 037/1-0 
( 41 )}  )( 6... a5 7. Nf3 O-O 8. a3 d5 9. cxd5 Nxd5 10. Bd2 Nxc3 11. bxc3 Rb8
12. c4 b6 13. O-O Bb7 14. Ng5 h6 15. Ne4 f5 16. Nc3 Nd4 17. Bxb7 Rxb7 18. Be3
e5 19. Na4 f4 20. Bxd4 Qxd4 21. Rxb6 { Stanec,N  ( 2566 ) -Hofbauer,P  ( 2098 )
/Oberwart 2005/CBM 107 ext/1-0  ( 32 )}  )( 6... Rb8 7. a3 a6 8. b4 cxb4 9.
axb4 b5 10. cxb5 axb5 11. Nf3 O-O 12. O-O d5 13. Bf4 Rb6 14. Qc1 d4 15. Nxb5
Nd5 16. Bh6 Rxb5 17. Bxg7 Nc3 18. Qh6 Rh5 19. Bxf8 Rxh6 20. Bxh6 Nxe2+ 21. Kh1
{ Philippe,G-Davie,A/Lugano 1968/MCD/1/2-1/2  ( 37 )}  )7. e3 { Secures d4} 
7... Rb8 8. Nge2 d6 9. a3 { Prevents intrusion on b4}  9... Bd7 10. b4 cxb4 (
10... a6 11. bxc5 dxc5 12. O-O $11 )11. axb4 $14 Qc8 ( 11... a6 12. b5 axb5 13.
cxb5 $14 )12. b5 { This push gains space}  12... Nd8 13. Nf4 Re8 14. O-O Ne6
15. Nxe6 Bxe6 16. Qa4 { White threatens to win material: Qa4xa7}  16... Nd7 17.
Ne4 ( 17. Qc2 $5 $14)17... Ne5 $11 { Black threatens to win material: Ne5xd3} 
18. Qb3 Bh3 ( 18... Nxd3 $5 19. Qxd3 Bxc4 $11 )19. Bb2 Bxg2 20. Kxg2 { White
king safety dropped}  20... Qf5 21. Bxe5 Bxe5 ( { Instead of } 21... dxe5 22.
c5 $16 )22. Qa2 { White threatens to win material: Qa2xa7}  22... Ra8 23. Rb3
Qd7 { White king safety improved}  24. Ra3 d5 ( 24... Rec8 $5 $16)25. cxd5 Qxb5
( 25... b6 26. d4 Bb8 27. Qb3 $18 )26. Rb1 $18 Qd7 27. Nc5 Qc7 ( 27... Qc8 28.
Rxa7 Rxa7 29. Qxa7 $18 )28. Nxb7 ( 28. d4 $5 $142 Reb8 29. Rxa7 Rxa7 30. Qxa7
b6 31. Qxc7 Bxc7 $18 )28... Reb8 29. Rab3 a5 30. d4 ( 30. Qa4 Kg7 $18 )30...
Bd6 ( 30... Qc4 31. R3b2 Qxa2 32. Rxa2 $16 )31. Nxd6 Rxb3 32. Ne8 $1 { forging
ahead of the opponent}  32... Rxe8 ( 32... Qd7 33. Rxb3 Qxd5+ 34. e4 $16 )33.
Rxb3 Ra8 34. Qa4 Kg7 35. Rb2 Ra6 36. Rc2 ( 36. Qb5 Qa7 $18 )36... Qb7 $16 37.
Rc5 ( 37. e4 e6 38. Qe8 Qb1 $16 )37... e6 ( 37... Qb1 $142 38. h3 Qe4+ 39. Kh2
Qb1 $14 )38. Qb5 $4 { letting the wind out of his own sails}  ( 38. Qe8 $142 {
the advantage is on the side of White}  38... Ra8 39. Qc6 Qxc6 40. dxc6 $16 (
40. Rxc6 $143 exd5 41. Rc3 a4 $15 ))38... Qxb5 $11 39. Rxb5 exd5 40. Rxd5 a4
41. Rb5 a3 { Don't underestimate that pawn}  42. Rb1 a2 { Black threatens to
win material: a2xb1Q}  43. Ra1 Kf6 44. Kf3 Ke6 45. Ke2 Kd5 ( 45... Kf5 46. Kd3
$11 )46. Kd3 $14 f5 47. Kc3 Ke4 48. Kb3 ( 48. Kb2 Rb6+ 49. Kxa2 Kd3 $16 )48...
Rb6+ ( 48... Kd3 $5 { might be a viable alternative}  49. Rxa2 Rb6+ 50. Ka4
Ra6+ 51. Kb3 Rb6+ 52. Ka4 Ra6+ 53. Kb3 $11 )49. Kxa2 $14 Kf3 50. Rb1 Ra6+ 51.
Kb3 Kxf2 52. Kc4 Kxe3 53. d5 g5 54. Re1+ ( 54. Kc5 Ra5+ 55. Kc6 Ra6+ 56. Rb6
Rxb6+ 57. Kxb6 f4 $16 )54... Kf3 55. Kc5 f4 $2 ( 55... Ra5+ $142 { and Black
could well hope to play on}  56. Kc6 Ra6+ 57. Kc7 Ra7+ 58. Kb6 Ra2 $16 )56. d6
$18 Ra8 $2 ( 56... Ra3 57. d7 Rd3 $14 )57. gxf4 gxf4 58. d7 Rd8 59. Kd6 Kg2 60.
Re2+ Kg1 ( 60... Kh3 $18 { hoping against hope} )61. h4 h5 ( 61... f3 { is one
last hope}  62. Re8 f2 63. Rxd8 f1=Q 64. Rg8+ Kh2 $18 )62. Re8 Rxd7+ ( 62...
Rxe8 { does not win a prize}  63. dxe8=R Kh2 64. Ke5 f3 65. Ke4 Kg2 66. Ke3 f2
67. Rg8+ Kf1 68. Rf8 Kg2 69. Rxf2+ Kg3 70. Rf4 Kg2 71. Rf3 Kg1 72. Rg3+ Kh1 73.
Kf2 Kh2 74. Rd3 Kh1 75. Rh3# )63. Kxd7 f3 64. Ke6 f2 65. Rf8 f1=Q ( 65... Kf1 {
does not solve anything}  66. Ke5 Ke2 67. Rxf2+ Kxf2 68. Kf4 Ke2 69. Kg5 Kf2
70. Kxh5 Ke3 71. Kg5 Ke4 72. h5 Kd3 73. h6 Kc3 74. h7 Kc4 75. h8=Q Kc5 76. Qc3+
Kd6 77. Qc4 Ke5 78. Qb4 Ke6 79. Qc5 Kf7 80. Qd5+ Ke8 81. Kf6 Kf8 82. Qf7# )66.
Rxf1+ Kxf1 ( 66... Kg2 { cannot change what is in store for ?}  67. Kf5 Kxf1
68. Kg5 Kf2 69. Kxh5 Ke3 70. Kg5 Ke4 71. h5 Kd3 72. Kg6 Kd2 73. h6 Kc3 74. Kg5
Kb3 75. h7 Kc3 76. h8=Q+ Kc4 77. Qc8+ Kb5 78. Qc3 Ka6 79. Qc5 Kb7 80. Qa5 Kc6
81. Qb4 Kc7 82. Kf5 Kc6 83. Ke6 Kc7 84. Qb5 Kc8 85. Kd6 Kd8 86. Qd7# )67. Kf5
Ke2 ( 67... Kf2 { a fruitless try to alter the course of the game}  68. Kg5 Ke3
69. Kxh5 Kf4 70. Kg6 Ke4 71. h5 Kd5 72. h6 Ke6 73. h7 Ke7 74. Kf5 Kd6 75. h8=Q
Kd7 76. Qd4+ Kc7 77. Qc5+ Kb7 78. Qb5+ Kc8 79. Ke5 Kc7 80. Ke6 Kc8 81. Kd6 Kd8
82. Qd7# )68. Kg5 Kd3 ( 68... Ke3 { doesn't improve anything}  69. Kxh5 Kf4 70.
Kg6 Ke5 71. h5 Kd6 72. h6 Ke6 73. h7 Ke7 74. h8=Q Kd7 75. Qd4+ Kc6 76. Qc4+ Kb6
77. Qb4+ Kc6 78. Qb3 Kc5 79. Qc3+ Kb6 80. Kf5 Kb7 81. Qb4+ Ka6 82. Ke6 Ka7 83.
Qa5+ Kb8 84. Kd6 Kb7 85. Qb4+ Kc8 86. Qb5 Kd8 87. Qd7# )69. Kxh5 Kc4 70. Kg6 (
70. Kg6 Kd5 71. h5 Ke4 72. h6 Kd3 73. h7 Kd2 74. h8=Q Kd3 75. Qc8 Kd4 76. Qc6
Kd3 77. Qc5 Ke2 78. Qc3 Kf1 79. Qc2 Kg1 80. Kf5 Kf1 81. Qd1+ Kf2 82. Kf4 Kg2
83. Qe2+ Kh1 84. Kg3 Kg1 85. Qg2# )( 70. Kg5 Kd5 71. h5 Kc5 72. h6 Kb4 73. h7
Kc4 74. h8=Q Kd3 75. Qb2 Ke4 76. Qb4+ Ke3 77. Qc3+ Ke4 78. Qc4+ Ke3 79. Qc2 Kd4
80. Kf5 Kd5 81. Qb3+ Kd4 82. Qb4+ Kd3 83. Kf4 Ke2 84. Qd4 Kf1 85. Kf3 Ke1 86.
Qd8 Kf1 87. Qd1# ) 1-0

[Event "SA Championship"]
[Site "Adelaide"]
[Date "2006.03.21"]
[Round "6.1"]
[White "Goldsmith, Alan D"]
[Black "Guthrie, Aaron"]
[Result "1-0"]
[Annotator "Fritz 9"]
[BlackElo "2120"]
[EventCountry "AUS"]
[EventDate "2006.02.14"]
[EventRounds "9"]
[EventType "tourn"]
[PlyCount "75"]
[WhiteElo "2059"]

{ B30: Sicilian: 2...Nc6 3 Bb5, lines without ...g6 } 1. e4 c5 2. Nf3 Nc6 3. Bb5
e6 4. O-O Nge7 5. Re1 Qc7 6. Nc3 ( 6. c3 a6 7. Bxc6 Nxc6 ( 7... bxc6 8. d4 Ng6
9. h4 h5 10. b3 cxd4 11. cxd4 Bb4 12. Bd2 Be7 13. g3 c5 14. Na3 cxd4 15. Nc4
Qa7 16. Ba5 Rb8 17. Nxd4 Bc5 18. Nc6 Bxf2+ 19. Kg2 Qc5 20. Nd6+ Kf8 21. Rc1 {
1-0 Saric,I  ( 2441 ) -Brulic,D  ( 2241 ) /Zadar 2004/CBM 103 ext}  )8. d4 cxd4
9. cxd4 b5 10. d5 Ne5 11. Nxe5 Qxe5 12. Nd2 Bb7 13. Nf3 Qb8 14. b3 Be7 15. Bb2
O-O 16. Ne5 Bd6 17. Ng4 f6 { 1/2-1/2 Sedina,E  ( 2434 ) -Bosboom Lanchava,T  (
2329 ) /Istanbul 2003/CBM 094 ext}  )6... a6 7. e5 $146 ( 7. Bf1 b5 ( 7... b6
8. b3 Bb7 9. Bb2 h5 10. d4 cxd4 11. Nxd4 Nxd4 12. Qxd4 Nc6 13. Nd5 exd5 14.
exd5+ Kd8 15. dxc6 Qxc6 16. Re3 f6 17. Rd3 Bc5 18. Qf4 Qe6 19. Rad1 Bc6 20. b4
Be7 21. Bd4 Ba4 22. Re3 { Bielczyk,J  ( 2380 ) -Przewoznik,J  ( 2340 )
/Polanica Zdroj 1980/MCD/1-0}  )8. d4 b4 9. Nd5 Nxd5 10. exd5 Nxd4 11. Nxd4
cxd4 12. Qxd4 Bb7 13. dxe6 dxe6 14. Bg5 Qc5 15. Qg4 Bd5 16. c4 bxc3 17. Rac1 h5
18. Qa4+ Qc6 19. Qa5 Qc5 20. Qa4+ Qc6 21. Qh4 Qb7 { Taoubi,M-Koehler,G/Germany
1993/GER/0-1  ( 39 )}  )7... Ng6 ( 7... Nd4 8. Bf1 $11 )8. Bxc6 $14 Qxc6 9. d4
cxd4 10. Nxd4 Qc7 11. Qh5 b6 12. f4 { Black has a cramped position}  ( 12. Be3
$5 $14)12... Bc5 $15 { Black pins: Bc5xd4}  13. Be3 { Black has a cramped
position}  13... Bb7 14. Rad1 Ne7 ( 14... O-O 15. Qh3 $15 )15. Bf2 { White has
an active position}  ( 15. Nb3 Bb4 $14 )15... g6 { Black threatens to win
material: g6xh5}  ( 15... O-O 16. Na4 d6 17. Nxc5 dxc5 18. Nf3 $11 )16. Qg5 (
16. Qh3 Nf5 $14 )16... Nf5 17. Nxf5 Bxf2+ ( 17... gxf5 $5 18. Re2 h6 $11 )18.
Kxf2 $16 gxf5 19. Rd6 h6 20. Qh5 ( 20. Qg3 O-O-O 21. Qd3 Kb8 $16 )20... Rg8 (
20... Qc5+ $5 { should be investigated more closely}  21. Re3 b5 $14 )21. g3
$16 O-O-O 22. Red1 ( 22. Qxh6 $4 { the pawn is something White will choke on} 
22... Rh8 23. Qg7 Rdg8 24. Qxg8+ Rxg8 $19 )22... Rg6 23. Qe2 Qc5+ ( 23... Kb8
24. Qe3 b5 25. Qd4 $16 )24. R1d4 $18 b5 25. a4 Bc6 26. axb5 axb5 27. Na2 Bd5 (
27... h5 $142 28. Nb4 Rh8 29. Nxc6 dxc6 $18 )28. c3 Bxa2 29. b4 Qa7 ( 29... Bc4
30. Qe3 Qc7 $18 )30. Qxb5 Bd5 31. Ra6 Qb7 ( 31... Qb8 32. Rc4+ $1 { a brilliant
end}  32... Bxc4 33. Qxc4+ Kb7 34. Qb5+ Kc8 35. Rb6 Qxb6+ 36. Qxb6 $18 )32. Rb6
( 32. Qa5 $142 { and White can already relax}  32... Rdg8 33. b5 $18 )32... Qa8
( 32... Qa7 33. Rc4+ Bc6 $18 )33. Qc5+ ( 33. Rc4+ Bc6 34. Ra6 Kc7 35. Qb6+ Kc8
36. Rxa8# )33... Bc6 $18 34. b5 ( 34. Rd2 $142 { seems even better}  34... Rg5
35. fxg5 $18 )34... Kc7 $4 { Black falls apart}  ( 34... Qa2+ 35. Ke1 Qb1+ 36.
Kd2 Qa2+ 37. Kd3 Qb1+ 38. Kc4 Qa2+ 39. Kb4 Qb2+ 40. Ka5 Qa2+ 41. Ra4 Qd5 $18
)35. Ra6 ( 35. bxc6 Qa2+ 36. Kf3 Rxg3+ 37. hxg3 Qf2+ 38. Kxf2 d6 39. Rb7+ Kc8
40. Qb6 dxe5 41. Qxd8# )35... Qb7 36. Ra7 Kb8 ( 36... Kc8 { is not much help} 
37. Rxb7 Rg4 38. Rdxd7 Rxf4+ 39. gxf4 Rxd7 40. Qxc6+ Rc7 41. Qxc7# )37. Rxb7+
Bxb7 ( 37... Kxb7 { does not solve anything}  38. bxc6+ dxc6 39. Rb4+ Kc7 40.
Qa7+ Kc8 41. Qb7# )38. Qd6+ ( 38. Qd6+ Ka8 39. Ra4+ Ba6 40. Qc7 Rxg3 41. Rxa6#
) 1-0

[Event "SA Championship"]
[Site "Adelaide"]
[Date "2006.03.21"]
[Round "6.2"]
[White "Obst, James"]
[Black "Tao, Trevor"]
[Result "1/2-1/2"]
[Annotator "Fritz 9"]
[BlackElo "2418"]
[EventCountry "AUS"]
[EventDate "2006.02.14"]
[EventRounds "9"]
[EventType "tourn"]
[PlyCount "130"]
[WhiteElo "2054"]

{ A04: Unusual lines after 1 Nf3 and King's Indian Attack } 1. Nf3 f5 2. b4 e6 (
2... d6 3. Bb2 e5 4. e3 Be6 5. c4 Nd7 6. Be2 Be7 7. Qc2 c6 8. a4 Bf6 9. Nc3 Ne7
10. d4 e4 11. Nd2 O-O 12. b5 d5 13. Ba3 f4 14. cxd5 cxd5 15. Qb3 fxe3 16. fxe3
Nf5 17. Bxf8 { Fichte,W  ( 2035 ) -Stotyn,F  ( 2197 ) /Bad Zwesten 2005/CBM 104
ext/0-1}  )3. Bb2 Nf6 4. a3 b5 $146 ( 4... Be7 5. e3 O-O 6. Be2 b6 7. O-O Bb7
8. c4 a5 9. b5 Qe8 10. Nc3 Qg6 11. d4 d6 12. Ne1 Nbd7 13. Bf3 Ne4 14. Rc1 Ndf6
15. Nd3 Qf7 16. Na4 Rad8 17. Qc2 g5 18. g3 Qe8 19. Bg2 { Reis,L  ( 2225 )
-Dias,P  ( 2195 ) /Caldas de Felgueira 1999/CBM 069 ext/0-1  ( 35 )}  )( 4...
c5 $5 $15)5. e3 $14 a6 { Controls b5}  6. c4 bxc4 7. Bxc4 Bb7 8. O-O g6 ( 8...
Bd6 $5 $11 { must definitely be considered} )9. d3 $16 Bg7 10. Nbd2 O-O 11. Nb3
Bd5 12. Rc1 Nc6 13. Bxd5 Nxd5 14. Bxg7 Kxg7 15. Qc2 Kg8 16. Nc5 Qe7 17. e4 Nf4
18. Rfe1 fxe4 19. Rxe4 ( 19. dxe4 Nxg2 { Demolition of pawn structure}  20.
Kxg2 Rxf3 21. Nxd7 Nd4 22. Qxc7 Qh4 $19 )( { Inferior is } 19. Nxe4 Nxg2 {
Demolishes the pawn shield}  20. Kxg2 Rxf3 $17 )19... Na7 ( 19... Nh3+ 20. Kf1
Nf4 21. Qc3 $16 )20. Qd2 Nd5 21. Qg5 ( 21. a4 $5 $16)21... Qxg5 $14 22. Nxg5
Nf6 ( 22... Rfd8 $14)23. Nxd7 ( 23. Rh4 $5 $16 $142)23... Nxd7 $11 24. Rxc7 (
24. Nxe6 $5 Rfc8 25. Kf1 $11 ( 25. Rxc7 $143 Nb5 26. Rxc8+ Rxc8 $17 ))24... Nf6
25. Rxe6 Nb5 26. Rcc6 ( 26. Rb7 Rfe8 27. Kf1 Rxe6 28. Nxe6 Nxa3 $17 )26... Nd4
( 26... Nd5 $5 $142 27. Rxa6 Nxa3 28. Rxa8 Rxa8 $17 )27. Rxf6 $11 Nxc6 28. Rxc6
Rfd8 { Black threatens to win material: Rd8xd3}  29. Rc4 ( 29. f3 Rxd3 30. Rc7
Rf8 $11 )29... Rac8 ( 29... Rxd3 $5 30. g4 Rxa3 $17 )30. Rxc8 { White pins:
Rc8xd8}  30... Rxc8 { Black has a mate threat}  31. Kf1 Rc3 { Black threatens
to win material: Rc3xa3}  32. Ke2 Rxa3 33. Ne4 Kf7 34. Ke3 Ke6 35. Kd4 Kd7 36.
Nf6+ { White forks: d7+h7}  36... Kd6 ( 36... Kc6 $5 $11)37. Nxh7 $14 Ra4 {
Black pins: Ra4xb4}  38. Kc3 Ke5 ( 38... Ra3+ 39. Kc4 $14 )39. Ng5 { The knight
likes it on g5}  ( 39. Nf8 Ra3+ 40. Kc4 Kf6 41. Nh7+ Kf5 $16 )39... Ra1 40. g3
Rc1+ 41. Kb2 Rc6 ( 41... Rf1 $5 $142 { is worth looking at}  42. Ne4 Kd4 $11
)42. f4+ $16 Kf5 43. Nf3 ( 43. h3 Rb6 44. Kc3 Rc6+ 45. Kd4 Rd6+ 46. Kc4 Rc6+
47. Kd5 Rc3 $16 )43... Rc7 ( 43... Rd6 44. Kc3 $14 )44. h3 ( 44. Kb3 Rc1 $16
)44... Rh7 ( 44... Re7 45. Ne5 $14 )45. Ng5 { White threatens to win material:
Ng5xh7}  ( 45. Nd4+ $5 $142 Kf6 46. h4 $16 )45... Rd7 { Black threatens to win
material: Rd7xd3}  46. Kc3 Rc7+ 47. Kd4 Rd7+ $4 { there were better ways to
keep up the pressure}  ( 47... Rb7 $11 $142 { and Black can hope to survive}
)48. Ke3 $18 Rb7 49. g4+ Kf6 50. Ne4+ Ke7 51. Nc5 Rxb4 52. Nxa6 Rb1 53. Nc5 Rh1
54. g5 ( 54. f5 gxf5 55. gxf5 Rxh3+ 56. Kf4 $14 )54... Rxh3+ $14 55. Ke4 Rh1
56. Ke5 Re1+ 57. Ne4 Re3 58. d4 Re1 59. d5 Kd7 60. d6 ( 60. f5 gxf5 61. Kxf5
$11 )60... Kc6 $11 61. f5 gxf5 62. Kxf5 { White has a new passed pawn: g5.} 
62... Kd7 $4 { a transit from better to worse}  ( 62... Rf1+ $142 { would save
the game}  63. Ke5 Rg1 $11 )63. g6 $18 Rf1+ ( 63... Rg1 { is not the saving
move}  64. Kf6 Rg4 $18 )64. Kg4 ( 64. Ke5 $142 { and White has it in the bag} 
64... Rg1 65. Nf6+ Kc6 66. d7 $18 )64... Ke6 65. Ng3 Rf6  1/2-1/2